| 000 | 00346nam a2200145Ia 4500 | ||
|---|---|---|---|
| 005 | 20251222152046.0 | ||
| 008 | 251222s9999||||xx |||||||||||||| ||spa|| | ||
| 020 | _a8471143860 | ||
| 082 | _a630/U73 | ||
| 100 | _aUrbano TerrĂ³n, Pedro | ||
| 245 | 0 | _aTratado de Fitotecnia General | |
| 250 | _a2da. ed. | ||
| 264 | _bGRAFO S.A. | ||
| 942 | _cLIB | ||
| 999 |
_c26244 _d26244 |
||